effect of calcium carbonate and calcium sulfate on mycelium of oyster mushrooms,ឥទ្ធិពលនៃកំរិតកាល់ស្យូមកាបូណាតនិងកាល់ស្យូមស៊ុលផាតទៅលើការលូតលាស់សរសៃមីសេដ្យូមផ្សិតអំបោះ (Record no. 17101)

000 -LEADER
fixed length control field 00734nam a22001577a 4500
003 - CONTROL NUMBER IDENTIFIER
control field OSt
005 - DATE AND TIME OF LATEST TRANSACTION
control field 20180803140412.0
008 - FIXED-LENGTH DATA ELEMENTS--GENERAL INFORMATION
fixed length control field 180803b xxu||||| |||| 00| 0 eng d
040 ## - CATALOGING SOURCE
Transcribing agency RUA
082 ## - DEWEY DECIMAL CLASSIFICATION NUMBER
Classification number AGR TAN 2016 B606 Or.1
100 ## - MAIN ENTRY--PERSONAL NAME
9 (RLIN) 12957
Personal name TAN MENGLY ,តាន់ ម៉េងលី
245 ## - TITLE STATEMENT
Title effect of calcium carbonate and calcium sulfate on mycelium of oyster mushrooms,ឥទ្ធិពលនៃកំរិតកាល់ស្យូមកាបូណាតនិងកាល់ស្យូមស៊ុលផាតទៅលើការលូតលាស់សរសៃមីសេដ្យូមផ្សិតអំបោះ
260 ## - PUBLICATION, DISTRIBUTION, ETC. (IMPRINT)
Place of publication, distribution, etc. phnom penh
Name of publisher, distributor, etc. rua
Date of publication, distribution, etc. 2016
300 ## - PHYSICAL DESCRIPTION
Extent ix;39p;
Other physical details ill;
Dimensions 29cm,
942 ## - ADDED ENTRY ELEMENTS (KOHA)
Source of classification or shelving scheme
Koha item type AGR
Holdings
Price effective from Date last seen Permanent Location Not for loan Date acquired Source of classification or shelving scheme Koha item type Lost status Withdrawn status Total Renewals Date last checked out Total Checkouts Shelving location Damaged status Barcode Current Location Full call number
2018-08-032018-08-03Library Block B 2018-08-03 AGR     B606 A30114Library Block BAGR TAN 2016 B606 Or.1
2018-08-032019-07-01Library Block B 2018-08-03 AGR  12019-05-101B606 A31634Library Block BAGR TAN 2016 B606 Or.2
2018-08-032018-08-03Library Block B 2018-08-03 AGR     B606 A31449Library Block BAGR TAN 2016 B606 Or.3
2018-08-032018-08-03Library Block B 2018-08-03 AGR     B606 A31574Library Block BAGR TAN 2016 B606 Or.4
2018-08-032018-08-03Library Block B 2018-08-03 AGR     B606 A31619Library Block BAGR TAN 2016 B606 Or.5
2018-08-032022-10-17Library Block B 2018-08-03 AGR   2022-10-031B606 A30264Library Block BAGR TAN 2016 B606 Or.6
2018-08-032018-08-03Library Block B 2018-08-03 AGR     B606 A31614Library Block BAGR TAN 2016 B606 Or.7
2018-08-032018-08-03Library Block B 2018-08-03 AGR     B606 A31937Library Block BAGR TAN 2016 B606 Or.8
មជ្ឈមណ្ឌលឯការនៃសាកលវិទ្យាល័យភូមិន្ទកសិកម្មចំការដូង

Powered by Koha